[Event "DM Kort Paaske 2 Grp1 2025"]
[Site "Svendborg"]
[Date "2025.04.17"]
[Round "1"]
[White "Nykjaer, Jess"]
[Black "Lilja, Richard"]
[Result "0-1"]
[WhiteElo "1952"]
[BlackElo "2055"]
[WhiteFideId "1427288"]
[BlackFideId "1403109"]
[EventDate "2025.04.17"]
[EventType "swiss"]
[EventRounds "5"]
[EventCountry "DEN"]
[SourceTitle "Live v. Kasper Jerwiarz"]

1. e4 g6 2. Nc3 Bg7 3. f4 d6 4. Nf3 Nf6 5. Bc4 O-O 6. O-O c6 7. d4 d5 8. Bd3 dxe4 9. Nxe4 Nbd7 10. c3 Qc7 11. Qc2 Nxe4 12. Bxe4 Nf6 13. Bd3 c5 14. Kh1 Bg4 15. dxc5 Qxc5 16. h3 Bxf3 17. Rxf3 e6 18. Be3 Qc6 19. Bd4 Rfd8 20. Rd1 Rac8 21. Bxf6 Bxf6 22. Be2 Rxd1+ 23. Qxd1 a5 24. Qd3 Rd8 25. Qc4 Qxc4 26. Bxc4 Rd2 27. a4 Rxb2 28. Bb5 Rb3 29. c4 Rxf3 30. gxf3 Bd4 31. Kg2 Kg7 32. Kg3 Kf6 33. Be8 Be3 34. h4 Ke7 35. Bb5 h5 36. c5 Bxc5 37. Bc4 Bd6 38. Bb5 Bb4 39. Bd3 Be1+ 40. Kh3 Bf2 41. Bc4 Kf6 42. Bd3 b6 43. Bc2 Ke7 44. Bd3 Be1 45. Bb5 Bf2 46. Bc6 Kf6 47. Be8 Kf5 48. Bxf7 b5 49. Be8 bxa4 50. Bxa4 Kxf4 51. Bc2 g5 52. hxg5 Kxg5 53. Bb3 e5 54. Kg2 Bd4 55. Kg3 h4+ 56. Kg2 Kf4 57. Ba4 Bc3 58. Bd7 Be1 59. Bc6 Bg3 60. Kh3 Ke3 61. Kg2 Kd4 0-1

[Event "DM Kort Paaske 2 Grp1 2025"]
[Site "Svendborg"]
[Date "2025.04.17"]
[Round "1"]
[White "Molvig, Henrik"]
[Black "Vergara, Adam"]
[Result "1/2-1/2"]
[WhiteElo "2060"]
[BlackElo "1906"]
[WhiteFideId "1402625"]
[BlackFideId "1434624"]
[EventDate "2025.04.17"]
[EventType "swiss"]
[EventRounds "5"]
[EventCountry "DEN"]
[SourceTitle "Live v. Kasper Jerwiarz"]

1. d4 Nf6 2. c4 e6 3. Nf3 b6 4. g3 Bb7 5. Bg2 Bb4+ 6. Bd2 Bxd2+ 7. Nbxd2 O-O 8. O-O d6 9. Qc2 c5 10. e4 Nc6 11. e5 Nd7 12. dxc5 Nxc5 13. exd6 1/2-1/2

[Event "DM Kort Paaske 2 Grp1 2025"]
[Site "Svendborg"]
[Date "2025.04.17"]
[Round "1"]
[White "Christensen, Astrid Bigum"]
[Black "Schjodt, Niels Chr"]
[Result "0-1"]
[WhiteElo "1783"]
[BlackElo "2050"]
[WhiteFideId "1476564"]
[BlackFideId "1407430"]
[EventDate "2025.04.17"]
[EventType "swiss"]
[EventRounds "5"]
[EventCountry "DEN"]
[SourceTitle "Live v. Kasper Jerwiarz"]

1. e4 c5 2. Nf3 d6 3. d4 cxd4 4. Nxd4 Nf6 5. Nc3 a6 6. Bg5 Nbd7 7. f4 g6 8. Bd3 Bg7 9. Nf3 O-O 10. e5 Ng4 11. h3 Ne3 12. Qd2 Qb6 13. Bxe7 dxe5 14. Bxf8 Kxf8 15. fxe5 Nxe5 16. Na4 Nxf3+ 17. gxf3 Qd4 18. Nc3 Qh4+ 19. Qf2 Qe7 20. Qe2 Bd7 21. Be4 Bd4 22. Kd2 Qg5 23. h4 Nc4+ 24. Kd3 Qc5 25. Rab1 Nxb2+ 26. Kd2 Qxc3+ 27. Kc1 Be3+ 0-1

[Event "DM Kort Paaske 2 Grp1 2025"]
[Site "Svendborg"]
[Date "2025.04.17"]
[Round "1"]
[White "Aagaard, Gert"]
[Black "Sorensen, Alex"]
[Result "1-0"]
[WhiteElo "2016"]
[BlackElo "1952"]
[WhiteFideId "1427024"]
[BlackFideId "1410881"]
[EventDate "2025.04.17"]
[EventType "swiss"]
[EventRounds "5"]
[EventCountry "DEN"]
[SourceTitle "Live v. Kasper Jerwiarz"]

1. d4 Nf6 2. Nf3 c5 3. Bg5 Ne4 4. Bf4 Qb6 5. Nc3 Qa5 6. Qd3 g5 7. Nxg5 Nxg5 8. Bxg5 Nc6 9. d5 Nb4 10. Qd2 Bg7 11. e4 f5 12. Be2 h6 13. Bh4 d6 14. O-O O-O 15. Bxe7 Rf7 16. Bxd6 Qb6 17. e5 f4 18. Na4 Qd8 19. Nxc5 f3 20. Bxf3 Rxf3 21. gxf3 Qh4 22. Ne4 Bh3 23. Qxb4 Qh5 24. Nf6+ Bxf6 25. exf6 Qg5+ 1-0

[Event "DM Kort Paaske 2 Grp1 2025"]
[Site "Svendborg"]
[Date "2025.04.17"]
[Round "1"]
[White "Ravikumar, Hanesh"]
[Black "Bjorneboe, Kristian"]
[Result "1/2-1/2"]
[WhiteElo "1919"]
[BlackElo "2008"]
[WhiteFideId "1481878"]
[BlackFideId "1424718"]
[EventDate "2025.04.17"]
[EventType "swiss"]
[EventRounds "5"]
[EventCountry "DEN"]
[SourceTitle "Live v. Kasper Jerwiarz"]

1. c4 g5 2. g3 Bg7 3. Bg2 c5 4. Nc3 Nf6 5. d3 h6 6. a3 Nc6 7. e4 d6 8. Nge2 Bg4 9. h3 Bd7 10. O-O g4 11. h4 e5 12. Bd2 O-O 13. Rb1 Rb8 14. b4 Ne8 15. Qc1 Kh7 16. Nd5 Nd4 17. Nxd4 cxd4 18. b5 b6 19. a4 Nc7 20. Bb4 Be6 21. Qa3 Ne8 22. a5 Rg8 23. Ra1 Bf8 24. axb6 axb6 25. Qa7 Rg7 26. Qa2 f6 27. Qd2 Nc7 28. Nxc7 Rxc7 29. Ra6 Bc8 30. Ra4 Bd7 31. Rfa1 Be6 32. Qa2 Rcb7 33. Ra8 Qc7 34. Ra7 Kg7 35. Rxb7 Rxb7 36. Qa3 Kf7 37. Qa6 Bc8 38. Qa2 Be6 39. Qa6 Bc8 40. Qa2 Be6 41. Qa6 1/2-1/2

[Event "DM Kort Paaske 2 Grp1 2025"]
[Site "Svendborg"]
[Date "2025.04.17"]
[Round "1"]
[White "Hansen, Daniel Hoppe"]
[Black "Granum, Mathias"]
[Result "1-0"]
[WhiteElo "1925"]
[BlackElo "2062"]
[WhiteFideId "1486101"]
[BlackFideId "1484265"]
[EventDate "2025.04.17"]
[EventType "swiss"]
[EventRounds "5"]
[EventCountry "DEN"]
[SourceTitle "Live v. Kasper Jerwiarz"]

1. Nf3 d5 2. c4 c6 3. e3 Nf6 4. Nc3 e6 5. b3 Be7 6. Bb2 Nbd7 7. Be2 dxc4 8. bxc4 O-O 9. d4 c5 10. d5 Nb6 11. e4 exd5 12. cxd5 Re8 13. Bb5 Bd7 14. O-O Nxe4 15. Nxe4 Bxb5 16. d6 Bxf1 17. Kxf1 Nc4 18. dxe7 Qxe7 19. Neg5 Nxb2 20. Qc2 g6 21. Qxb2 h6 22. Re1 Qc7 23. Ne4 Rxe4 24. Rxe4 Qd6 25. Qc2 b5 26. Qb3 a6 27. Ne5 c4 28. Qf3 Ra7 29. Ke2 h5 30. Qe3 Re7 31. Nxc4 Qb4 32. Rxe7 Qxc4+ 33. Ke1 Qb4+ 34. Kf1 Qb1+ 35. Qe1 Qxa2 36. g3 Qc4+ 37. Qe2 Qc6 38. Re8+ Kh7 39. Qe4 Qc1+ 40. Kg2 b4 41. Qa8 Kh6 42. h4 b3 43. Re5 Kg7 44. Re8 b2 45. Rg8+ Kf6 46. Qxa6+ Kf5 47. Qb5+ Kf6 48. Rb8 1-0

[Event "DM Kort Paaske 2 Grp1 2025"]
[Site "Svendborg"]
[Date "2025.04.17"]
[Round "2"]
[White "Lilja, Richard"]
[Black "Hansen, Daniel Hoppe"]
[Result "1-0"]
[WhiteElo "2055"]
[BlackElo "1925"]
[WhiteFideId "1403109"]
[BlackFideId "1486101"]
[EventDate "2025.04.17"]
[EventType "swiss"]
[EventRounds "5"]
[EventCountry "DEN"]
[SourceTitle "Live v. Kasper Jerwiarz"]

1. b3 c5 2. Bb2 e6 3. e3 Nc6 4. f4 d5 5. Nf3 Nf6 6. Bb5 Be7 7. O-O Bd7 8. d3 a6 9. Bxc6 Bxc6 10. Nbd2 O-O 11. Ne5 Qc7 12. Rf3 Rfd8 13. Rh3 d4 14. e4 g6 15. Nxc6 Qxc6 16. Qe2 b5 17. Rf1 h5 18. f5 exf5 19. exf5 Nd5 20. fxg6 fxg6 21. Ne4 Rf8 22. Rxf8+ Rd8 23. Re8+ Rxe8 24. Bc1 Rf8 25. Rg3 Qe6 1-0

[Event "DM Kort Paaske 2 Grp1 2025"]
[Site "Svendborg"]
[Date "2025.04.17"]
[Round "2"]
[White "Schjodt, Niels Chr"]
[Black "Jacobsen, Jonathan Roed Gundorf"]
[Result "1-0"]
[WhiteElo "2050"]
[BlackElo "1945"]
[WhiteFideId "1407430"]
[BlackFideId "1461044"]
[EventDate "2025.04.17"]
[EventType "swiss"]
[EventRounds "5"]
[EventCountry "DEN"]
[SourceTitle "Live v. Kasper Jerwiarz"]

1. d4 Nf6 2. Nf3 d5 3. g3 Bf5 4. Bg2 e6 5. O-O c5 6. c4 Nc6 7. cxd5 Nxd5 8. Nc3 Nxc3 9. bxc3 Be7 10. Qb3 Qb6 11. dxc5 Bxc5 12. Qc4 e5 13. Ng5 Bg6 14. Be4 Na5 15. Qa4+ Nc6 16. Rb1 Qd8 17. Bxc6+ Kf8 18. Rxb7 h6 19. Rd7 1-0

[Event "DM Kort Paaske 2 Grp1 2025"]
[Site "Svendborg"]
[Date "2025.04.17"]
[Round "2"]
[White "Jacobsen, Samuel Bro"]
[Black "Aagaard, Gert"]
[Result "1/2-1/2"]
[WhiteElo "1877"]
[BlackElo "2016"]
[WhiteFideId "1480740"]
[BlackFideId "1427024"]
[EventDate "2025.04.17"]
[EventType "swiss"]
[EventRounds "5"]
[EventCountry "DEN"]
[SourceTitle "Live v. Kasper Jerwiarz"]

1. e4 c6 2. d4 d5 3. exd5 cxd5 4. c4 e6 5. Nc3 Nf6 6. Nf3 Be7 7. Bd3 O-O 8. O-O dxc4 9. Bxc4 Qc7 10. Bd3 a6 11. h3 b5 12. a3 Bb7 13. Be3 Nbd7 14. Rc1 Qb8 15. Qe2 Rd8 16. Rfd1 Nb6 17. Ne5 Rc8 18. Bf4 Nbd5 19. Bg3 Qa7 20. Ne4 Rxc1 21. Rxc1 Qxd4 22. Nc6 Bxc6 23. Rxc6 Nh5 24. Qc2 Nxg3 25. Nxg3 g6 26. Ne2 Qe5 27. Rc8+ Rxc8 28. Qxc8+ Kg7 29. Qxa6 Qxb2 30. Qxb5 Qxa3 31. Bc4 Bd6 32. g3 Nf6 33. Qb7 Qa1+ 34. Kh2 Qf1 35. Qg2 Qe1 36. Qg1 Qb4 37. Bd3 h5 38. Qb1 Qc5 39. Kg2 Qd5+ 40. Kg1 h4 41. Nc3 Qf3 42. Qd1 Qc6 43. Ne4 Nxe4 44. Bxe4 Qc5 45. g4 Qe5 46. Qf3 f5 47. Bd3 Kf6 48. Qe3 Qh2+ 49. Kf1 Bf4 50. Qf3 Bc7 51. Qe3 Qd6 52. gxf5 exf5 53. Be2 Bb6 54. Qh6 Bxf2 55. Kxf2 Qg3+ 56. Kf1 Qxh3+ 57. Ke1 Qg3+ 58. Kd1 Qg1+ 59. Kc2 Qc5+ 60. Kd1 Qd4+ 61. Kc2 Qe4+ 62. Kd1 Qb1+ 63. Kd2 Qb2+ 64. Kd1 Qb3+ 65. Kd2 Qd5+ 66. Kc2 Qe4+ 67. Kd1 Qb4 68. Qh8+ Kf7 69. Qh7+ Kf6 1/2-1/2

[Event "DM Kort Paaske 2 Grp1 2025"]
[Site "Svendborg"]
[Date "2025.04.17"]
[Round "2"]
[White "Bjorneboe, Kristian"]
[Black "Hesselberg, Leif"]
[Result "1/2-1/2"]
[WhiteElo "2008"]
[BlackElo "1955"]
[WhiteFideId "1424718"]
[BlackFideId "1504061"]
[EventDate "2025.04.17"]
[EventType "swiss"]
[EventRounds "5"]
[EventCountry "DEN"]
[SourceTitle "Live v. Kasper Jerwiarz"]

1. Nf3 Nf6 2. d4 e6 3. Nbd2 d5 4. e3 c5 5. c3 Nc6 6. Bd3 Bd6 7. O-O O-O 8. Qe2 cxd4 9. exd4 a6 10. Ne5 Qc7 11. Ndf3 b5 12. Bg5 Be7 13. Bf4 Bd6 14. Bg5 Be7 15. Bf4 Bd6 16. a3 Na5 17. Qd1 Qd8 1/2-1/2

[Event "DM Kort Paaske 2 Grp1 2025"]
[Site "Svendborg"]
[Date "2025.04.17"]
[Round "2"]
[White "Vergara, Adam"]
[Black "Ravikumar, Hanesh"]
[Result "1/2-1/2"]
[WhiteElo "1906"]
[BlackElo "1919"]
[WhiteFideId "1434624"]
[BlackFideId "1481878"]
[EventDate "2025.04.17"]
[EventType "swiss"]
[EventRounds "5"]
[EventCountry "DEN"]
[SourceTitle "Live v. Kasper Jerwiarz"]

1. e4 c6 2. d4 d5 3. exd5 cxd5 4. c4 Nf6 5. Nc3 Nc6 6. Bg5 Be6 7. Nf3 g6 8. h3 Bg7 9. c5 O-O 10. Bb5 Ne4 11. Bf4 Qa5 12. Bxc6 bxc6 13. O-O Bf5 14. Re1 h6 15. Nxe4 dxe4 16. Ne5 Qa6 17. g4 Be6 18. Rxe4 Rad8 19. a3 Bd5 20. Re1 Qb7 21. b4 g5 22. Bg3 Be6 23. Qd2 Rd5 24. Rad1 Rfd8 25. Qe3 Bc8 26. Qf3 Be6 27. Qe4 a6 28. Kh2 Qc8 29. f4 f5 30. gxf5 Bxf5 31. Qe3 Bxe5 32. fxe5 e6 33. h4 Qd7 34. hxg5 h5 35. Bf2 Bg4 36. Rd2 Bf5 37. Qe2 Qh7 38. Qxa6 Qf7 39. Qe2 Bg4 40. Qe3 Qg6 41. Bg3 R5d7 42. a4 Rf7 43. Bf4 Ra8 44. b5 Rxa4 45. b6 Ra8 46. Qe4 Qxe4 47. Rxe4 Bf3 48. Re3 Rxf4 49. Kg3 Raf8 50. b7 h4+ 51. Kh2 Bd5 52. Ra3 R4f7 53. Rb2 Rb8 54. Ra8 Rff8 55. Rxb8 Rxb8 56. Kh3 Bc4 57. Rb6 Bd5 58. Kxh4 Kg7 59. Kg4 Kg6 60. Rb2 Be4 61. Kf4 Bd5 62. Rb6 Rf8+ 63. Ke3 Rb8 64. Kf4 Rf8+ 65. Kg4 Rb8 66. Rb2 Be4 67. Kf4 Bd5 68. Rb6 1/2-1/2

[Event "DM Kort Paaske 2 Grp1 2025"]
[Site "Svendborg"]
[Date "2025.04.17"]
[Round "2"]
[White "Hansen, Erik Olsgaard"]
[Black "Molvig, Henrik"]
[Result "0-1"]
[WhiteElo "1939"]
[BlackElo "2060"]
[WhiteFideId "1416170"]
[BlackFideId "1402625"]
[EventDate "2025.04.17"]
[EventType "swiss"]
[EventRounds "5"]
[EventCountry "DEN"]
[SourceTitle "Live v. Kasper Jerwiarz"]

1. e4 c5 2. Nf3 d6 3. Bb5+ Nc6 4. O-O Bd7 5. c3 a6 6. Bxc6 Bxc6 7. Re1 e5 8. d4 Qc7 9. Nbd2 Nf6 10. d5 Bd7 11. Nf1 g6 12. Bg5 Bg7 13. h3 h6 14. Bd2 O-O 15. Ng3 b5 16. b4 Rfc8 17. Rc1 a5 18. bxc5 Qxc5 19. Qb3 a4 20. Qb4 Bf8 21. Be3 Qxb4 22. cxb4 Ne8 23. Rxc8 Rxc8 24. Rc1 f5 25. Rxc8 Bxc8 26. Bb6 Nf6 27. Nd2 fxe4 28. Ndxe4 Nxd5 29. Ba5 Kf7 30. Ne2 Ke6 31. N2c3 Nxc3 32. Nxc3 Bd7 33. f3 d5 34. Kf2 Bc6 35. a3 d4 36. Nb1 e4 37. fxe4 Bxe4 38. Nd2 Kd5 39. Bc7 Bc2 40. Ke2 Bxb4 0-1

[Event "DM Kort Paaske 2 Grp1 2025"]
[Site "Svendborg"]
[Date "2025.04.18"]
[Round "3"]
[White "Schjodt, Niels Chr"]
[Black "Lilja, Richard"]
[Result "0-1"]
[WhiteElo "2050"]
[BlackElo "2055"]
[WhiteFideId "1407430"]
[BlackFideId "1403109"]
[EventDate "2025.04.17"]
[EventType "swiss"]
[EventRounds "5"]
[EventCountry "DEN"]
[SourceTitle "Live v. Kasper Jerwiarz"]

1. d4 e6 2. Nf3 f5 3. h4 Nf6 4. c4 b6 5. Nc3 Bb7 6. Bg5 Bb4 7. Qb3 Bxc3+ 8. Qxc3 d6 9. d5 e5 10. h5 h6 11. Bh4 Qe7 12. Qc2 Bc8 13. O-O-O a5 14. Nd2 Na6 15. e4 Qf7 16. f4 Nb4 17. Qb3 exf4 18. a3 Na6 19. exf5 O-O 20. Bxf6 Qxf6 21. Ne4 Qxf5 22. Bd3 Qg4 23. Qc2 Bf5 24. Rde1 a4 25. Re2 Kh8 26. Rhe1 Qxh5 27. g4 fxg3 28. Nxg3 Bxd3 29. Qxd3 Nc5 30. Qc3 Qg6 31. Ne4 Nxe4 32. Rxe4 Rae8 33. Re6 Rxe6 34. dxe6 Re8 35. Qh3 Kh7 36. Kd2 Re7 37. Re2 Qf6 38. Ke1 g6 39. Qg4 Qf5 40. Qxf5 gxf5 41. Kd2 Kg6 42. Kc3 f4 43. Kd4 c6 44. c5 bxc5+ 45. Kd3 Kf5 46. Re4 Rxe6 47. Rxa4 f3 48. Ra8 c4+ 0-1

[Event "DM Kort Paaske 2 Grp1 2025"]
[Site "Svendborg"]
[Date "2025.04.18"]
[Round "3"]
[White "Molvig, Henrik"]
[Black "Jacobsen, Samuel Bro"]
[Result "0-1"]
[WhiteElo "2060"]
[BlackElo "1877"]
[WhiteFideId "1402625"]
[BlackFideId "1480740"]
[EventDate "2025.04.17"]
[EventType "swiss"]
[EventRounds "5"]
[EventCountry "DEN"]
[SourceTitle "Live v. Kasper Jerwiarz"]

1. d4 Nf6 2. c4 e6 3. Nf3 d5 4. Nc3 Be7 5. Bg5 c6 6. e3 O-O 7. Rc1 h6 8. Bh4 Ne4 9. Bxe7 Qxe7 10. Bd3 f5 11. Ne5 Nd7 12. Nxd7 Bxd7 13. O-O Rfc8 14. f3 Nxc3 15. Rxc3 dxc4 16. Bxc4 Be8 17. Qc2 Kh8 18. Bb3 Bf7 19. Rc5 Rc7 20. Re5 b6 21. f4 Rac8 22. Bc4 a5 23. Qb3 b5 24. Be2 Qd6 25. Rd1 Qf8 26. Qc3 c5 27. Bxb5 cxd4 28. Qxd4 Rc1 29. Bf1 Bh5 30. Rxc1 Rxc1 31. Qd2 Qc8 32. Rxa5 Qc4 33. h3 Qxf1+ 34. Kh2 Rd1 35. Qc3 Qg1+ 36. Kg3 Re1 37. Re5 Re2 38. Qc6 Rxe3+ 39. Rxe3 Qxe3+ 40. Kh2 Qxf4+ 0-1

[Event "DM Kort Paaske 2 Grp1 2025"]
[Site "Svendborg"]
[Date "2025.04.18"]
[Round "3"]
[White "Aagaard, Gert"]
[Black "Hesselberg, Leif"]
[Result "1-0"]
[WhiteElo "2016"]
[BlackElo "1955"]
[WhiteFideId "1427024"]
[BlackFideId "1504061"]
[EventDate "2025.04.17"]
[EventType "swiss"]
[EventRounds "5"]
[EventCountry "DEN"]
[SourceTitle "Live v. Kasper Jerwiarz"]

1. d4 Nf6 2. Nf3 e6 3. Bg5 c5 4. e3 d5 5. c3 Nc6 6. Bd3 Be7 7. Nbd2 a6 8. a4 cxd4 9. exd4 Qc7 10. O-O O-O 11. Re1 Bd7 12. Ne5 Rab8 13. f4 h6 14. Bh4 Nh7 15. Bg3 Nf6 16. Ndf3 Bd6 17. Bh4 Be7 18. Qe2 Nh5 19. Qe3 Bxh4 20. Nxh4 Nf6 21. Qe2 Ne7 22. g4 b5 23. g5 hxg5 24. fxg5 Ne4 25. Qh5 bxa4 26. g6 Nxg6 27. Nhxg6 fxg6 28. Nxg6 Rf6 29. Rf1 Rxb2 30. Rxf6 gxf6 31. Qh8+ Kf7 32. Qh7+ 1-0

[Event "DM Kort Paaske 2 Grp1 2025"]
[Site "Svendborg"]
[Date "2025.04.18"]
[Round "3"]
[White "Nykjaer, Jess"]
[Black "Bjorneboe, Kristian"]
[Result "1/2-1/2"]
[WhiteElo "1952"]
[BlackElo "2008"]
[WhiteFideId "1427288"]
[BlackFideId "1424718"]
[EventDate "2025.04.17"]
[EventType "swiss"]
[EventRounds "5"]
[EventCountry "DEN"]
[SourceTitle "Live v. Kasper Jerwiarz"]

1. e4 c6 2. Nc3 d5 3. Nf3 Bg4 4. Be2 e6 5. h3 Bxf3 6. Bxf3 Nd7 7. exd5 cxd5 8. Qe2 Be7 9. O-O Ngf6 10. Re1 Nb8 11. Qb5+ Qd7 12. d4 Nc6 13. Be3 O-O 14. a3 a6 15. Qe2 b5 16. Nd1 Rfc8 17. c3 a5 18. Bf4 b4 19. axb4 axb4 20. Rxa8 Rxa8 21. Qd2 Na5 22. Bg5 Nc4 23. Qc1 b3 24. Ne3 Rc8 25. Nxc4 dxc4 26. Bxf6 Qe8 1/2-1/2

[Event "DM Kort Paaske 2 Grp1 2025"]
[Site "Svendborg"]
[Date "2025.04.18"]
[Round "3"]
[White "Hansen, Daniel Hoppe"]
[Black "Vergara, Adam"]
[Result "0-1"]
[WhiteElo "1925"]
[BlackElo "1906"]
[WhiteFideId "1486101"]
[BlackFideId "1434624"]
[EventDate "2025.04.17"]
[EventType "swiss"]
[EventRounds "5"]
[EventCountry "DEN"]
[SourceTitle "Live v. Kasper Jerwiarz"]

1. d4 Nf6 2. Nc3 g6 3. e4 d6 4. Bc4 Bg7 5. Be3 a6 6. f3 Nc6 7. Qd2 b5 8. Bd5 Nxd5 9. Nxd5 e6 10. Nf4 e5 11. dxe5 Nxe5 12. Bd4 O-O 13. Nge2 Qh4+ 14. Bf2 Qd8 15. O-O Nc4 16. Qd5 Rb8 17. c3 Nxb2 18. Qb3 Nc4 19. Rfd1 Bd7 20. Bd4 Qg5 21. Bxg7 Kxg7 22. Rd5 Ne5 23. Rad1 Bc6 24. Kf2 Qh4+ 25. Kg1 Bxd5 26. Qxd5 Rfd8 27. Qd4 c5 28. Qd5 a5 29. g3 Qe7 30. Kf2 b4 31. h4 h5 32. g4 Qxh4+ 33. Ng3 bxc3 34. Rh1 Rb2+ 35. Nfe2 Rxe2+ 0-1

[Event "DM Kort Paaske 2 Grp1 2025"]
[Site "Svendborg"]
[Date "2025.04.18"]
[Round "3"]
[White "Jacobsen, Jonathan Roed Gundorf"]
[Black "Sorensen, Alex"]
[Result "1/2-1/2"]
[WhiteElo "1945"]
[BlackElo "1952"]
[WhiteFideId "1461044"]
[BlackFideId "1410881"]
[EventDate "2025.04.17"]
[EventType "swiss"]
[EventRounds "5"]
[EventCountry "DEN"]
[SourceTitle "Live v. Kasper Jerwiarz"]

1. d4 Nf6 2. c4 e5 3. dxe5 Ng4 4. e4 d6 5. exd6 Bxd6 6. Be2 Ne5 7. f4 Ng6 8. e5 Bb4+ 9. Nc3 Qxd1+ 10. Bxd1 Nc6 11. Nf3 Be6 12. Be2 O-O-O 13. O-O Nge7 14. Na4 Nf5 15. b3 Ncd4 16. Nxd4 Nxd4 17. Bd1 Bd7 18. a3 Bxa4 19. axb4 Bxb3 20. Bxb3 Nxb3 21. Rxa7 Kb8 22. Ra2 1/2-1/2

[Event "DM Kort Paaske 2 Grp1 2025"]
[Site "Svendborg"]
[Date "2025.04.19"]
[Round "4"]
[White "Lilja, Richard"]
[Black "Aagaard, Gert"]
[Result "1-0"]
[WhiteElo "2055"]
[BlackElo "2016"]
[WhiteFideId "1403109"]
[BlackFideId "1427024"]
[EventDate "2025.04.17"]
[EventType "swiss"]
[EventRounds "5"]
[EventCountry "DEN"]
[SourceTitle "Live v. Kasper Jerwiarz"]

1. e4 c6 2. d4 d5 3. Nc3 dxe4 4. Nxe4 Nd7 5. Ng5 Ngf6 6. Bd3 e6 7. N1f3 Bd6 8. Qe2 h6 9. Ne4 Nxe4 10. Qxe4 Nf6 11. Qe2 c5 12. Be3 Nd5 13. Bb5+ Kf8 14. dxc5 Nxe3 15. Qxe3 Qa5+ 16. c3 Be7 17. a4 Qc7 18. b4 Bf6 19. a5 e5 20. O-O g6 21. Rfe1 a6 22. Ba4 e4 23. Nd4 Be5 24. Qxe4 Bxh2+ 25. Kh1 Bf4 26. g3 Bd2 27. Re2 Bxc3 28. Rc1 Bxb4 29. Nb3 Bd7 30. Bxd7 Qxd7 31. Qxb4 h5 32. c6+ 1-0

[Event "DM Kort Paaske 2 Grp1 2025"]
[Site "Svendborg"]
[Date "2025.04.19"]
[Round "4"]
[White "Jacobsen, Samuel Bro"]
[Black "Ravikumar, Hanesh"]
[Result "1/2-1/2"]
[WhiteElo "1877"]
[BlackElo "1919"]
[WhiteFideId "1480740"]
[BlackFideId "1481878"]
[EventDate "2025.04.17"]
[EventType "swiss"]
[EventRounds "5"]
[EventCountry "DEN"]
[SourceTitle "Live v. Kasper Jerwiarz"]

1. e4 c6 2. d4 d5 3. exd5 cxd5 4. c4 Nf6 5. Nc3 Nc6 6. Nf3 Be6 7. cxd5 Bxd5 8. Be2 e6 9. O-O Be7 10. Nxd5 Nxd5 11. a3 O-O 12. Qd2 a6 13. Ne5 Rc8 14. b4 b5 15. Nxc6 Rxc6 16. Bb2 Qd7 17. f4 Nb6 18. Rac1 Rfc8 19. Rxc6 Rxc6 20. Bf3 Rd6 21. Ba1 Bf6 22. Rd1 h6 23. Be4 Nd5 24. g3 Nb6 25. Bb1 Nc4 26. Qd3 g6 27. h4 h5 28. Ba2 Nb6 29. Qe4 Bg7 30. Bb3 Nd5 31. Rc1 Nb6 32. Rd1 Qd8 33. Ba2 Nd5 34. Bb3 Nf6 35. Qf3 Nd5 36. Qe4 Ne7 37. Kh2 Nf5 38. Bc3 Nxd4 39. Bxd4 Rxd4 40. Rxd4 Qxd4 41. Qxd4 Bf6 42. Qe5 Bxe5 43. a4 Bc3 44. axb5 axb5 45. Bc2 Bxb4 46. Bd3 Kg7 47. Kg2 f6 48. Kf3 Kh6 49. Bxb5 Be1 50. Bd7 e5 51. fxe5 fxe5 52. Bc6 Kg7 53. Ba8 Kf6 54. Bb7 Bb4 55. Ba8 Bc5 56. Bb7 Kf5 57. Bc8+ Kf6 58. Bb7 g5 59. hxg5+ Kxg5 60. Kg2 Kg4 61. Kh1 Bf2 62. Ba8 Bxg3 63. Bb7 Kf4 64. Ba8 h4 65. Bb7 h3 66. Ba8 h2 67. Bb7 Ke3 68. Ba8 e4 69. Bxe4 Kxe4 70. Kg2 Ke3 71. Kh1 Ke2 72. Kg2 Ke3 73. Kh1 Kf2 1/2-1/2

[Event "DM Kort Paaske 2 Grp1 2025"]
[Site "Svendborg"]
[Date "2025.04.19"]
[Round "4"]
[White "Vergara, Adam"]
[Black "Schjodt, Niels Chr"]
[Result "1-0"]
[WhiteElo "1906"]
[BlackElo "2050"]
[WhiteFideId "1434624"]
[BlackFideId "1407430"]
[EventDate "2025.04.17"]
[EventType "swiss"]
[EventRounds "5"]
[EventCountry "DEN"]
[SourceTitle "Live v. Kasper Jerwiarz"]

1. e4 c5 2. d4 cxd4 3. c3 dxc3 4. Nxc3 Nc6 5. Nf3 a6 6. Bc4 e6 7. O-O b5 8. Bb3 Bc5 9. Bg5 Qb6 10. Nd5 Qa7 11. Rc1 d6 12. e5 exd5 13. Bxd5 Bb7 14. exd6 f6 15. Qe2+ Kd8 16. Bf4 g5 17. Nxg5 Nd4 18. Ne6+ Nxe6 19. Bxe6 h5 20. Bxg8 Bxg2 21. Kxg2 Rxg8+ 22. Kh1 Qg7 23. f3 Rc8 24. Rfe1 Kd7 25. Rcd1 Rce8 26. Qf1 Rxe1 27. Rxe1 Kc6 28. Bg3 h4 29. Bxh4 Bxd6 30. Rc1+ Kb7 31. f4 Kb8 32. Bg3 Rh8 33. Kg2 f5 34. Qf2 Qe7 35. Re1 Qb7+ 36. Qf3 Qc7 37. Re2 Rg8 38. Qd5 Rf8 39. Kf3 Bc5 40. Rc2 Rd8 41. Qxc5 Qd7 42. Qb6+ Ka8 43. Qxa6+ Kb8 44. Qb6+ Ka8 45. Qc6+ 1-0

[Event "DM Kort Paaske 2 Grp1 2025"]
[Site "Svendborg"]
[Date "2025.04.19"]
[Round "4"]
[White "Sorensen, Alex"]
[Black "Molvig, Henrik"]
[Result "0-1"]
[WhiteElo "1952"]
[BlackElo "2060"]
[WhiteFideId "1410881"]
[BlackFideId "1402625"]
[EventDate "2025.04.17"]
[EventType "swiss"]
[EventRounds "5"]
[EventCountry "DEN"]
[SourceTitle "Live v. Kasper Jerwiarz"]

1. e4 c5 2. Nf3 d6 3. d4 cxd4 4. c3 d3 5. c4 Nf6 6. Bxd3 g6 7. Nc3 Bg7 8. Be3 Nc6 9. h3 O-O 10. Rc1 Nd7 11. Bb1 Nde5 12. b3 Nxf3+ 13. Qxf3 Bd7 14. O-O Qa5 15. Rfd1 Bxc3 16. Rd5 Qb4 17. Bf4 Be5 18. Bd2 Qb6 19. Qd1 Bd4 20. c5 Qd8 21. Bg5 dxc5 22. Bh6 Re8 23. b4 e5 24. bxc5 Qe7 25. Qd2 Be6 26. Rd6 Rad8 27. Bg5 0-1

[Event "DM Kort Paaske 2 Grp1 2025"]
[Site "Svendborg"]
[Date "2025.04.19"]
[Round "4"]
[White "Bjorneboe, Kristian"]
[Black "Jacobsen, Jonathan Roed Gundorf"]
[Result "1/2-1/2"]
[WhiteElo "2008"]
[BlackElo "1945"]
[WhiteFideId "1424718"]
[BlackFideId "1461044"]
[EventDate "2025.04.17"]
[EventType "swiss"]
[EventRounds "5"]
[EventCountry "DEN"]
[SourceTitle "Live v. Kasper Jerwiarz"]

1. Nf3 Nf6 2. c4 e6 3. Nc3 d5 4. e3 c5 5. cxd5 exd5 6. b3 Nc6 7. Bb2 Bg4 8. Be2 Bd6 9. d4 O-O 10. dxc5 Bxc5 11. O-O a6 12. Rc1 Qd6 13. Nd4 Bxe2 14. Ncxe2 Nxd4 15. Nxd4 Rac8 16. Nf5 Qe6 17. Qf3 g6 18. Nh6+ Kg7 19. Rxc5 Rxc5 20. Ng4 d4 21. Bxd4 Rf5 22. Qxb7 Rd8 23. Qb4 Rxd4 24. Qxd4 Rd5 25. Qxf6+ Qxf6 26. Nxf6 Kxf6 27. g3 Rd2 28. Ra1 Ke5 29. Kg2 f5 30. h4 Rb2 31. Kf3 h6 32. Rc1 Kd5 33. Rc7 g5 34. Rh7 g4+ 35. Kg2 Rxa2 36. Rxh6 a5 37. Rf6 Ke5 38. Ra6 Ra3 39. h5 Rxb3 40. Rxa5+ Kf6 41. Ra1 Kg5 42. Rh1 Rb6 43. h6 Rxh6 44. Rxh6 Kxh6 45. f3 gxf3+ 46. Kxf3 Kg5 47. Kg2 Kh5 48. Kf2 Kg4 49. Kg2 Kh5 1/2-1/2

[Event "DM Kort Paaske 2 Grp1 2025"]
[Site "Svendborg"]
[Date "2025.04.19"]
[Round "4"]
[White "Hesselberg, Leif"]
[Black "Nykjaer, Jess"]
[Result "1/2-1/2"]
[WhiteElo "1955"]
[BlackElo "1952"]
[WhiteFideId "1504061"]
[BlackFideId "1427288"]
[EventDate "2025.04.17"]
[EventType "swiss"]
[EventRounds "5"]
[EventCountry "DEN"]
[SourceTitle "Live v. Kasper Jerwiarz"]

1. d4 d5 2. c4 e6 3. Nc3 Nf6 4. Nf3 c6 5. e3 g6 6. Bd3 Bg7 7. O-O O-O 8. Qe2 Nbd7 9. e4 dxe4 10. Nxe4 Nxe4 11. Bxe4 Nf6 12. Bc2 b6 13. b3 Bb7 14. Bb2 Qc7 15. Rfd1 Nd7 16. Be4 Nf6 17. Bc1 1/2-1/2